Marketingová komunikácia v neziskovom sektore bakalárska práca

Guardado en:
Detalles Bibliográficos
Autor principal: Leitnerová, Jarmila
Autor Corporativo: Fakulta podnikového manažmentu EU. Katedra podnikovohospodárska
Otros Autores: Štofaniková, Martina
Formato: Libro
Lenguaje:eslovaco
Publicado: Bratislava 2009
Etiquetas: Agregar Etiqueta
Sin Etiquetas, Sea el primero en etiquetar este registro!

MARC

LEADER 00000nam$a2200000$$$4500
001 0102033
005 20240319130114.8
041 0 |a slo 
044 |a SK 
245 1 0 |a Marketingová komunikácia v neziskovom sektore  |b bakalárska práca  |c Jarmila Leitnerová ; škol. Martina Štofaníková 
264 1 |a Bratislava  |c 2009 
300 |a 35 s. 
100 1 |a Leitnerová, Jarmila 
700 1 |a Štofaniková, Martina 
710 2 |a Fakulta podnikového manažmentu EU. Katedra podnikovohospodárska